Environmental damage and the question of liability.

Možnosti uplatnenia princípu právnej zodpovednosti za škody spôsobené osobám na ochranu životného prostredia. Skúmajú sa výhody a obmedzenia prístupu založeného na právnej zodpovednosti pri aplikácii na životné prostredie. Právny stav podľa zákonodárstva SRN. Certifikáty emisií. Riešenie prípadov po...

Ausführliche Beschreibung

Gespeichert in:
Bibliographische Detailangaben
1. Verfasser: Wacker-Theodorakopoulos, C.
Weitere Verfasser: Kreinbaum, Ch
Format: Buchkapitel
Sprache:Englisch
Schlagworte:
Tags: Tag hinzufügen
Keine Tags, Fügen Sie das erste Tag hinzu!

MARC

LEADER 00000naa a2200000 4500
001 r009921
005 20221130112939.4
041 0 |a eng 
044 |a DE 
245 1 0 |a Environmental damage and the question of liability.  |c C. Wacker-Theodorakopoulos, Ch. Kreinbaum 
520 |a Možnosti uplatnenia princípu právnej zodpovednosti za škody spôsobené osobám na ochranu životného prostredia. Skúmajú sa výhody a obmedzenia prístupu založeného na právnej zodpovednosti pri aplikácii na životné prostredie. Právny stav podľa zákonodárstva SRN. Certifikáty emisií. Riešenie prípadov poistením. Stimulácia inovácií v ochrane. Environmentálny model. 
610 2 0 |a prostredie životné 
610 2 0 |a zodpovednosť právna 
610 2 0 |a škody 
610 2 0 |a Nemecko 
610 2 0 |a poistenie zodpovednostné 
610 2 0 |a stimulovanie 
610 2 0 |a inovácia 
610 2 0 |a ochrana prostredia životného 
610 2 0 |a modely 
100 1 |a Wacker-Theodorakopoulos, C. 
700 1 |a Kreinbaum, Ch.